| 000 | 00510nam a2200181 a 4500 | ||
|---|---|---|---|
| 001 | 2435 | ||
| 005 | 20140414131922.0 | ||
| 008 | 050601s19uu xx 00 eng d | ||
| 020 | _a0-307-30121-4 | ||
| 050 |
_aER _bB23 1993 |
||
| 100 | _aSlate, Barbara | ||
| 245 |
_aBarbie : very busy Barbie / _cby Barbara Slate ; illustrated by Winslow Mortimer. |
||
| 260 |
_aNew York : _bA Golden Book, _c1993. |
||
| 300 | _a1 v. p. : ill. ; cm. | ||
| 440 | _aBarbie | ||
| 650 | _aChildren stories. | ||
| 999 |
_c111818 _d111818 |
||